LEADER 01470nam a2200277 u 4500 001 000000047704 003 CaOOAMICUS 005 20070226114920.0 008 000114s1998 it u000 u ita u 035 $a10839098 040 $aIPA$bita 100 1 $aAttisano, M. Ornella.$0(OLS)http://pul/name/34666 245 10$aSul IV secolo dopo Cristo :$bdalla pax constantiniana a Q. Aurelius Symmachus e la disputa sull'ara victoriae /$cM. Ornella Attisano. 260 $aRoma :$bPontificia Università Lateranense,$c1998. 300 $a223 p. ;$c24 cm 490 1 $aPontificia Universitas Lateranensis. Theses ad doctoratum in Jure Canonico 502 $aDiss. -- Pontificia Università lateranense. 504 $aBibliografia: p. 211-222. 650 4$aCristianesimo e altre religioni$zRoma.$0(OLS)http://pul/subject/5837 650 4$aChiesa$xStoria$yChiesa primitiva, ca. 30-600.$0(OLS)http://pul/subject/93 830 0$aTheses ad doctoratum in iure canonico (Pontificia Università Lateranense).$0(OLS)http://pul/title/3436 850 $aPUL 852 $aPUL$W1$xDP1 Tesi Pon Univ. Lateranense$y41$mTH PUL 792$j63705$nBK-PRI$b $qTesi$B63705$CPULBib$Z2$F63705 $HPUL79923 $81 941 1 $a16 996 $6245$aSul IV secolo dopo Cristo :$bdalla pax constantiniana a Q. Aurelius Symmachus e la disputa sull'ara victoriae$9(OLS)http://pul/title/64230 996 $6260$aRoma :$bPontificia Università Lateranense$9(OLS)http://pul/publisher/47963 LEADER 00940naa a2200217 u 4500 001 000000095928 003 CaOOAMICUS 005 20070226130144.0 008 040715s1982 it u000 u eng u 020 $a8800851398 (v. 1) 035 $a11004546 040 $aIAR$bita 100 1 $aKrapiec, Mieczyslaw Albert,$cO.P.,$b1921-2008.$0(OLS)http://pul/name/65413 245 10$aChristianity the common good of Europe /$cFr. Mieczys?aw A. Kr{ogon}apiec. 260 $aFlorence :$bLe Monnier,$c1982. 300 $av.1, S. 77-94, ;$c21 cm 773 0 $aThe common Christian roots of the European nations.$gv. 1. 773 0 $tThe Common Christian roots of the European nations : an international colloquium in the Vatican$w()5837 996 $6020$a8800851398 (v. 1)$9(OLS)http://pul/number/7566 996 $6245$aChristianity the common good of Europe$9(OLS)http://pul/title/122805 996 $6260$aFlorence :$bLe Monnier$9(OLS)http://pul/publisher/51024